000 00599nam a22001577a 4500
999 _c13903
_d13903
008 190509b ||||| |||| 00| 0 eng d
082 _22019
_aUT 1280
_bA39
100 _aAlicaway, Lee Neth.
_938716
245 _aEffects of case study analysis to accountancy students' career perspective /
_cLee Neth Alicaway, Diana Faye Caduada, and Dece Merry Lagunsay.
260 _aDigos City:
_bUMDC
_cJanuary 2019.
300 _a107 pages;
_c30 cm.
650 _aAccountancy
_xUndergraduate thesis.
_938663
700 _aCaduada, Diana Faye.
_938717
700 _aLagunsay, Dece Merry.
_938718
942 _2ddc
_cUT